Logo BPK

Biblioteka

Politechniki Koszalińskiej

Prawo budowlane wraz z komentarzem i omówieniem : (Rekord nr 30388)

Szczegóły MARC
000 -ETYKIETA REKORDU
podpole kontrolne o stałej długości 00860nam a2200229 i 4500
001 - NUMER KONTROLNY REKORDU
pole kontrolne bg
020 ## - MIĘDZYNARODOWY ZNORMALIZOWANY NUMER KSIĄŻKI - ISBN
ISBN 8385731547
040 ## - ŹRÓDŁO KATALOGOWANIA
Instytucja, która utworzyła rekord BPK
041 0# - KOD JĘZYKA
Kod języka tekstu pol
080 ## - UNIWERSALNA KLASYFIKACJA DZIESIĘTNA - UKD
UKD 349.442(438)
920 ## - Międzynarodowy znormalizowany numer książki – ISBN
ISBN 83-85731-54-7
008 - POLE O STAŁEJ DŁUGOŚCI - DANE KONTROLNE
podpole kontrolne o stałej długości s pl f |000 0 pol
100 1# - NAZWA OSOBOWA
Nazwa osobowa BILIŃSKI, Tadeusz
Daty związane z nazwą (1932- ).
245 10 - TYTUŁ/ODPOWIEDZIALNOŚĆ
Tytuł Prawo budowlane wraz z komentarzem i omówieniem :
Ciąg dalszy tytułu ustawy z dnia 7 lipca 1994 r. - prawo budowlane, o zagospodarowaniu przestrzennym /
Pozostałe elementy strefy tytułu i oznaczenia odpowiedzialności Tadeusz Biliński, Robert Dziwiński.
246 14 - WARIANT TYTUŁU
Tytuł Nowe prawo budowlane wraz z komentarzem i omówieniem
260 ## - STREFA ADRESU WYDAWNICZEGO
Miejsce wydania Bydgoszcz :
Nazwa wydawcy/dystrybutora Oficyna Wydawnicza Ośrodka Postępu Organizacyjnego,
Data publikacji, dystrybucji/powstania dokumentu 1994.
300 ## - STREFA OPISU FIZYCZNEGO
Objętość 187 s. ;
Rozmiary 21 cm.
500 ## - UWAGI OGÓLNE
Tekst uwagi Tyt. okł. : Nowe prawo budowlane wraz z komentarzem i omówieniem.
650 #9 - HASŁO PRZEDMIOTOWE W FORMIE NAZWY OGÓLNEJ LUB JEDNOSTKOWEJ
Nazwa ogólna lub geograficzna Budownictwo
Określnik ogólny prawo
Określnik geograficzny Polska
700 1# - HASŁO DODATKOWE - NAZWA OSOBOWA
Nazwa osobowa DZIWIŃSKI, Robert
856 ## - LOKALIZACJA I DOSTĘP DO ELEKTRONICZNYCH DOKUMENTÓW ZDALNYCH
Link (URL) http://koha.tu.koszalin.pl/cgi-bin/koha/opac-detail.pl?biblionumber=30388
Tekst linku Katalog online BPK
942 ## - DODATKOWE ELEMENTY (KOHA)
Typ dokumentu Książka
Egzemplarze
Wycofany Status egzemplarza Uszkodzony Dostępność Lokalizacja stała Lokalizacja bieżąca Numer ubytku Sygnatura Kod kreskowy Typ dokumentu Miejsce przechowywania
  Egz. niedostępny   Niedostępny Biblioteka Politechniki Koszalińskiej Biblioteka Politechniki Koszalińskiej 12703 37097 01801767 Książka  
  Egz. niedostępny   Niedostępny Biblioteka Politechniki Koszalińskiej Biblioteka Politechniki Koszalińskiej 12704 37098 02069821 Książka  
      Dostępny Biblioteka Politechniki Koszalińskiej Biblioteka Politechniki Koszalińskiej   37099 01207873 Książka Wypożyczalnia BG
© 2023 Biblioteka Politechniki Koszalińskiej :: KOHA